Don't get smart with us (Record no. 75161)

MARC details
000 -LEADER
fixed length control field 00963cab a2200193 4500
001 - CONTROL NUMBER
control field L129542
008 - FIXED-LENGTH DATA ELEMENTS--GENERAL INFORMATION
fixed length control field 050428n2005 000 0 eng u
035 ## - SYSTEM CONTROL NUMBER
System control number (Sirsi) u129542
041 ## - LANGUAGE CODE
Language code of text/sound track or separate title eng
100 ## - MAIN ENTRY--PERSONAL NAME
Personal name Lane, Thomas
245 ## - TITLE STATEMENT
Title Don't get smart with us
260 ## - PUBLICATION, DISTRIBUTION, ETC.
Date of publication, distribution, etc. 2005
490 ## - SERIES STATEMENT
Series statement Building
Volume/sequential designation 270(8378) 22 April 2005, 62-64(3)
520 ## - SUMMARY, ETC.
Summary, etc. Describes the different uses of Radio Frequency Identity Technology (RFID) within the construction industry. RFID could be used to monitor production from the factory to the site and allow facilities management teams to access and update service records of components installed in buildings. Some companies have started to use this technology, including precast concrete specialist Roger Bullivant, which has used RFID to monitor its production process. Includes information on how RFID tags work.
590 ## - LOCAL NOTE (RLIN)
Local note IKA290405
650 ## - SUBJECT ADDED ENTRY--TOPICAL TERM
Topical term or geographic name entry element SUPPLY CHAIN MANAGEMENT
690 ## - LOCAL SUBJECT ADDED ENTRY--TOPICAL TERM (OCLC, RLIN)
Topical term or geographic name as entry element BUILT ENVIRONMENT
942 ## - ADDED ENTRY ELEMENTS (KOHA)
Suppress in OPAC 0
Holdings
Withdrawn status Lost status Source of classification or shelving scheme Damaged status Not for loan Home library Current library Shelving location Date acquired Total Checkouts Full call number Barcode Date last seen Copy number Price effective from Koha item type
    Dewey Decimal Classification     London London Journal article 28/04/2005   L129542 129542-1001 06/08/2019 1 06/08/2019 Journal article